| 000 | 00945cam a2200241 4500 | ||
|---|---|---|---|
| 008 | 040528n2004 000 0 eng u | ||
| 020 | _a1857839498 | ||
| 035 | _a(Sirsi) u126309 | ||
| 041 | _aeng | ||
| 050 |
_a333.33025 _c18 |
||
| 110 |
_aRoyal Institution of Chartered Surveyors _94900 |
||
| 245 | _aRICS directory 2004 | ||
| 260 |
_aLondon _bWaterlow _c2004 |
||
| 300 |
_a2 v. (1280; 929p.) _c26cm. |
||
| 505 | _aList of members directory | ||
| 505 | _aGeographical directory | ||
| 520 | _aProvides two listings of RICS members: A-Z and by geographical location. Includes a specialisations index, an introduction to RICS Faculties and Forums, an explanation of member services, details of associated organisations and services, and RICS contacts. | ||
| 650 | _aABOUT RICS-RICS MEMBERS | ||
| 650 | _aDIRECTORIES | ||
| 650 | _aMEMBERSHIP DIRECTORY | ||
| 690 | _aMANAGEMENT-BUSINESS MANAGEMENT-PROFESSIONAL PRACTICE | ||
| 942 | _n0 | ||
| 999 |
_c103602 _d103602 |
||